|
|
|
|
| LEADER |
03092nam a22004093i 4500 |
| 001 |
EBC6695190 |
| 003 |
MiAaPQ |
| 005 |
20231204023217.0 |
| 006 |
m o d | |
| 007 |
cr cnu|||||||| |
| 008 |
231204s2014 xx o ||||0 ger d |
| 020 |
|
|
|a 9783839415900
|q (electronic bk.)
|
| 020 |
|
|
|z 9783837615906
|
| 035 |
|
|
|a (MiAaPQ)EBC6695190
|
| 035 |
|
|
|a (Au-PeEL)EBL6695190
|
| 035 |
|
|
|a (OCoLC)1263875368
|
| 040 |
|
|
|a MiAaPQ
|b eng
|e rda
|e pn
|c MiAaPQ
|d MiAaPQ
|
| 100 |
1 |
|
|a Otten, Henrique Ricardo.
|
| 245 |
1 |
0 |
|a Kritik und Leidenschaft :
|b Vom Umgang mit politischen Ideen.
|
| 250 |
|
|
|a 1st ed.
|
| 264 |
|
1 |
|a Bielefeld :
|b transcript,
|c 2014.
|
| 264 |
|
4 |
|c ©2011.
|
| 300 |
|
|
|a 1 online resource (311 pages)
|
| 336 |
|
|
|a text
|b txt
|2 rdacontent
|
| 337 |
|
|
|a computer
|b c
|2 rdamedia
|
| 338 |
|
|
|a online resource
|b cr
|2 rdacarrier
|
| 490 |
1 |
|
|a Edition Politik ;
|v v.2
|
| 505 |
0 |
|
|a Cover -- Inhalt -- Einleitung -- Kritische Gesellschaftsbeobachtung in der Nachkriegsgeschichte deutscher Politikwissenschaft -- POPULISMUS -- Populismus: Form oder Inhalt? -- Populismus: Theoretische Fragen und Erscheinungsformen in Mittelosteuropa -- Populismus und Islam in der Türkei -- RECHTSEXTREMISMUS -- Der Rechtsextremismus und die Mitte -- „Kampf um das Stadion". Fußball als gesellschaftliches Konfliktfeld und Einflusszone der extremen Rechten -- Bürgerbeteiligung vor Ort als Strategie gegen Rechtsextremismus. Einige Erfahrungsreflexionen -- ZUSTAND UND ZUKUNFT DER DEMOKRATIE -- Skandale der Bonner Republik. Ein Anstoß zu demokratischen Veränderungen -- Politische Partizipation und Apathie in antiker und moderner Perspektive -- Demokratie als Ideologie -- Gibt es einen heimlichen Lehrplan von „Governance" im liberalen Kapitalismus? -- IDEOLOGIEKRITIK UND GESELLSCHAFTSKRITIK HEUTE -- Historischer Materialismus und Antisemitismus. Ideologiekritik bei Marx, Adorno/Horkheimer und Kurt Lenk -- Gewalt, Hegemonie und falsche Totalisierung. Der mythische Singular Giorgio Agambens -- Nicht verhinderte Krisen und die Fragwürdigkeit der Autonomie des handelnden Subjekts -- Die Einmischer. Über das heutige Engagement der Literatur -- Etwas fehlte - zur geistigen Situation einer Schülergeneration -- Von den großen Mobilisierungsideologien zur ideologischen Verdeckung. Reflexionen zu einer Diskussion zu Ehren von Kurt Lenk -- EPILOG -- Vom Mythos der politischen Mitte -- Autorinnen und Autoren.
|
| 588 |
|
|
|a Description based on publisher supplied metadata and other sources.
|
| 590 |
|
|
|a Electronic reproduction. Ann Arbor, Michigan : ProQuest Ebook Central, 2023. Available via World Wide Web. Access may be limited to ProQuest Ebook Central affiliated libraries.
|
| 655 |
|
4 |
|a Electronic books.
|
| 700 |
1 |
|
|a Sicking, Manfred.
|
| 700 |
1 |
|
|a Schmidt, Julia.
|
| 776 |
0 |
8 |
|i Print version:
|a Otten, Henrique Ricardo
|t Kritik und Leidenschaft
|d Bielefeld : transcript,c2014
|z 9783837615906
|
| 797 |
2 |
|
|a ProQuest (Firm)
|
| 830 |
|
0 |
|a Edition Politik
|
| 856 |
4 |
0 |
|u https://ebookcentral.proquest.com/lib/matrademy/detail.action?docID=6695190
|z Click to View
|